000 00415nam a2200181Ia 4500
001 5270
005 20260306145855.0
008 260306t2021||||xx |||||||||||||| ||spa||
041 _aESP
082 _a338.5
_bC95
100 _aCue Mancera, Agustín
_eAUT
245 0 _aMicroeconomía
260 _c2021
300 _axiv, 346 páginas :
_c27 cm.
650 _aGEN
654 _aCAN
942 _cLIB
_dJUS
_fJUS
_2ddc
_n
999 _c5270
_d5270